000
00266pab a2200109 454500
008
180718b xxu||||| |||| 00| 0 eng d
100
_a
Banerji, B.K
245
_a
Need for paradigm shifts
650
_a
Economic Development
773
_a
Financial Express
909
_a
24050
999
_c
24050
_d
24050